| 000 | 00601nam a2200241Ia 4500 | ||
|---|---|---|---|
| 008 | 180523s9999 xx 000 0 und d | ||
| 020 | _a971-08-1759-0 | ||
| 050 | _aMAIN PE 1483 | ||
| 050 | _b.M94 1970 c.1 | ||
| 100 | _aMyers, Alfred Stuart. | ||
| 245 | 0 | _aLetters : | |
| 245 | 0 | _bfor all occasions / | |
| 245 | 0 | _cAlfred Stuart Myers. | |
| 260 | _aManila : | ||
| 260 | _bNational Books Store, Inc., | ||
| 260 | _c1970 | ||
| 300 | _a188 pages : | ||
| 300 | _billustrations ; | ||
| 300 | _c21 cm. | ||
| 500 | _aIncludes index. | ||
| 650 | _aLetter writing. | ||
| 650 | _xLetters. | ||
| 999 |
_c357393 _d357393 |
||